000 00447nam a2200181Ia 4500
001 20499
005 20260306172810.0
008 260306t1996||||xx |||||||||||||| ||spa||
041 _aESP
082 _a343.333
_bM22
100 _aVon, Karen [ed.]
_eAUT
245 0 _aEl magisterio constitucional de Ramírez del Villar
260 _c1996
300 _a329 páginas :
_c21 cm.
650 _aGEN
654 _aCDE
942 _cLIB
_dJUS
_fJUS
_2ddc
_n
999 _c20499
_d20499